| 000 | 00423nab a2200145Ia 4500 | ||
|---|---|---|---|
| 003 | ES-SlBCS | ||
| 005 | 20210601131741.0 | ||
| 008 | 140529s1932 xxu||||| |||| 00| 0 fre d | ||
| 041 | _afre | ||
| 100 | 1 |
_aMesnard, Pierre _919054 |
|
| 245 | 0 | 0 |
_aUn grand événement littéraire _c Pierre Mesnard |
| 650 | 0 | 4 |
_aLiteratura _91830 |
| 773 | 0 |
_tVie Intelectuelle (La) _gvol. 16, nº. 3, 1932, págs. 334-339 _wRev907 |
|
| 942 | _cAR | ||
| 999 |
_c568163 _d568163 |
||